Państwa na literę A - Statystyki

Ogólne statystyki
  • Ten quiz został rozwiązany 102 razy
  • Średni wynik to 9 z 12
Statystyki odpowiedzi
Kraj % Poprawnych
Armenia
89%
Afganistan
86%
Andora
82%
Austria
82%
Australia
81%
Azerbejdżan
81%
Albania
77%
Argentyna
77%
Angola
72%
Algieria
69%
Antigua i Barbuda
69%
Arabia Saudyjska
67%
Nie znaleziono quizów pasujących do podanych kryteriów
Rozkład punktacji
Procent ludzi z każdym wynikiem
Percentyl według liczby udzielonych odpowiedzi
Twoja historia wyników
Nie rozwiązałeś tego quizu